000 00643nam a2200241Ia 4500
008 160517s9999 xx 000 0 und d
020 _a978-0-07-107873-3
050 _aComSc QA 76.9
050 _b.S88W45 2008
100 _aWhitten, Jeffrey L.
245 _aIntroduction to system analysis and design /
245 _cWhitten Bentley.
260 _aNew York :
260 _bMcGraw-Hill/Irwin.,
260 _c2008
300 _a609 pages :
300 _bill. ;
300 _c26 cm.
500 _aIncludes index.
650 _aSystem design.
650 _aSystems programming (Computer Science).
650 _xSystem analysis.
999 _c294118
_d294118